Las pinturas rupestres de los alrededores de Tormon (Teruel) / (Record no. 109903)

MARC details
000 -LEADER
campo de control de longitud fija 00610nam a2200181 4500
001 - NÚMERO DE CONTROL
campo de control 109903
003 - IDENTIFICADOR DE NÚMERO DE CONTROL
campo de control ES-MaACL
005 - FECHA Y HORA DE LA ÚLTIMA TRANSACCIÓN
campo de control 20251108154135.0
007 - CAMPO FIJO DE DESCRIPCIÓN FÍSICA--INFORMACIÓN GENERAL
campo de control de longitud fija t|
008 - DATOS DE LONGITUD FIJA--INFORMACIÓN GENERAL
campo de control de longitud fija 061121s1927 sp r ||||1| spa d
100 1# - ENTRADA PRINCIPAL--NOMBRE DE PERSONA
Nombre de persona Obermaier, Hugo,
Fechas asociadas al nombre 1877-1946
9 (RLIN) 86395
245 14 - MENCIÓN DEL TÍTULO
Título Las pinturas rupestres de los alrededores de Tormon (Teruel) /
Mención de responsabilidad, etc. Hugo Obermaier, Henri Breuil.
260 ## - PUBLICACIÓN, DISTRIBUCIÓN, ETC.
Lugar de publicación, distribución, etc. Madrid :
Nombre del editor, distribuidor, etc. [s.n.],
Fecha de publicación, distribución, etc. 1927 (
Fabricante Tip. de la Rev. de Archivos)
300 ## - DESCRIPCIÓN FÍSICA
Extensión 27 p., 14 lám. ;
Dimensiones 26 cm.
700 1# - ENTRADA AGREGADA--NOMBRE PERSONAL
Nombre de persona Breuil, Henri,
Fechas asociadas al nombre 1877-1961
9 (RLIN) 158544
852 ## - LOCALIZACIÓN
Ubicación ES-MaACL
Número de control de estantería 1834-F-10
Sublocalización o colección R.19695
Holdings
Estatus retirado Estado de pérdida Estado de daño No para préstamo Colección Biblioteca de origen Biblioteca actual Ubicación en estantería Fecha de adquisición Fuente de adquisición Total de préstamos Signatura topográfica completa Código de barras Visto por última vez Precio de reemplazo Tipo de ítem Koha
        Colección de folletos Biblioteca del Ateneo de Madrid Biblioteca del Ateneo de Madrid Depósito folletos 17/01/2008     1834-F-10 1114669 23/02/2023 23/02/2023 Folleto